<?xml version="1.0" encoding="UTF-8"?>
<collection xmlns="http://www.loc.gov/MARC21/slim">
<record>
  <controlfield tag="001">132014</controlfield>
  <controlfield tag="005">20240308105336.0</controlfield>
  <datafield tag="024" ind1="7" ind2=" ">
    <subfield code="2">doi</subfield>
    <subfield code="a">10.26754/CINAIC.2023.0114</subfield>
  </datafield>
  <datafield tag="037" ind1=" " ind2=" ">
    <subfield code="a">COMPON-2023-CINAIC-0114</subfield>
  </datafield>
  <datafield tag="041" ind1=" " ind2=" ">
    <subfield code="a"></subfield>
  </datafield>
  <datafield tag="100" ind1=" " ind2=" ">
    <subfield code="a">Sein-Echaluce,  María Luisa</subfield>
    <subfield code="u">Universidad de Zaragoza, España</subfield>
  </datafield>
  <datafield tag="245" ind1=" " ind2=" ">
    <subfield code="a">Acceso personalizado a materiales educativos de calidad, creados entre iguales, en una plataforma de aprendizaje en línea</subfield>
  </datafield>
  <datafield tag="260" ind1=" " ind2=" ">
    <subfield code="a">Zaragoza</subfield>
    <subfield code="b">Universidad de Zaragoza, Servicio de Publicaciones</subfield>
    <subfield code="c">2023</subfield>
  </datafield>
  <datafield tag="300" ind1=" " ind2=" ">
    <subfield code="e"></subfield>
  </datafield>
  <datafield tag="520" ind1="3" ind2=" ">
    <subfield code="a">El aprendizaje personalizado, que ahora es posible con ayuda de herramientas tecnológicas, es un tema de gran interés y es aplicado en todos los niveles educativos. Aquí se propone un modelo de aprendizaje que, partiendo de materiales audiovisuales creados por el mismo alumnado bajo unos criterios de calidad establecidos, los organiza y ofrece al alumnado bajo aspectos que requieren atención personalizada. Estos son su nivel de conocimientos, características de su perfil y su ritmo de aprendizaje. Todo ello implementado en una plataforma de aprendizaje como Moodle. Así mismo, la opinión de un grupo de estudiantes, antes y después de la creación de materiales audiovisuales durante un trabajo en equipo, avalan la necesidad de aplicar el modelo propuesto, con una ontología que facilitará tanto la creación, organización y búsqueda de esos materiales, dependiendo de las características del alumnado.      </subfield>
  </datafield>
  <datafield tag="506" ind1=" " ind2=" ">
    <subfield code="a">Access copy available to the general public</subfield>
    <subfield code="f">Unrestricted</subfield>
  </datafield>
  <datafield tag="540" ind1=" " ind2=" ">
    <subfield code="9">info:eu-repo/semantics/openAccess</subfield>
    <subfield code="a">by-nc-nd</subfield>
    <subfield code="u">http://creativecommons.org/licenses/by-nc-nd/3.0/es/</subfield>
  </datafield>
  <datafield tag="653" ind1="1" ind2=" ">
    <subfield code="a">Aprendizaje entre iguales, Aprendizaje profundo, Aprendizaje cooperativo, Materiales audiovisuales educativos, Personalización, Moodle  </subfield>
  </datafield>
  <datafield tag="653" ind1="1" ind2=" ">
    <subfield code="a">Peer-to-peer learning, Deep learning, Cooperative learning, Educational auiovisual materials, Personalization, Moodle  </subfield>
  </datafield>
  <datafield tag="655" ind1=" " ind2="4">
    <subfield code="a">Comunicación</subfield>
  </datafield>
  <datafield tag="700" ind1=" " ind2=" ">
    <subfield code="a">Mancho,  Ana</subfield>
    <subfield code="u">Universidad de Zaragoza, España</subfield>
  </datafield>
  <datafield tag="700" ind1=" " ind2=" ">
    <subfield code="a">López Torres,  Ana</subfield>
    <subfield code="u">Universidad de Zaragoza, España</subfield>
  </datafield>
  <datafield tag="700" ind1=" " ind2=" ">
    <subfield code="a">Fidalgo,  Ángel</subfield>
    <subfield code="u">Universidad Politécnica de Madrid, España</subfield>
  </datafield>
  <datafield tag="700" ind1=" " ind2=" ">
    <subfield code="a">Bueno García,  Concepción</subfield>
    <subfield code="u">Universidad de Zaragoza, España</subfield>
  </datafield>
  <datafield tag="773" ind1=" " ind2=" ">
    <subfield code="d">Zaragoza</subfield>
    <subfield code="g">Actas del VII Congreso Internacional sobre Aprendizaje, Innovación y Cooperación, CINAIC 2023 (18-20 de Octubre de 2023, Madrid, España)



</subfield>
  </datafield>
  <datafield tag="856" ind1="4" ind2=" ">
    <subfield code="s">894468</subfield>
    <subfield code="u">http://zaguan.unizar.es/record/132014/files/114.pdf</subfield>
  </datafield>
  <datafield tag="909" ind1="C" ind2="O">
    <subfield code="o">oai:zaguan.unizar.es:132014</subfield>
    <subfield code="p">comunicaciones-ponencias</subfield>
  </datafield>
  <datafield tag="970" ind1=" " ind2=" ">
    <subfield code="a">COMPON-2023-CINAIC-0114</subfield>
  </datafield>
  <datafield tag="980" ind1=" " ind2=" ">
    <subfield code="a">COMPON</subfield>
  </datafield>
</record>
</collection>